South Eastern Kenya University

Library Online Public Access Catalogue


Foundations of ethics : (Record no. 307)

MARC details
000 -LEADER
fixed length control field 00588cam a2200205 a 4500
003 - CONTROL NUMBER IDENTIFIER
control field OSt
005 - DATE AND TIME OF LATEST TRANSACTION
control field 20150316094131.0
008 - FIXED-LENGTH DATA ELEMENTS--GENERAL INFORMATION
fixed length control field 150312b xxu||||| |||| 00| 0 eng d
020 ## - INTERNATIONAL STANDARD BOOK NUMBER
International Standard Book Number 9789966846006
020 ## - INTERNATIONAL STANDARD BOOK NUMBER
International Standard Book Number 996684600X
040 ## - CATALOGING SOURCE
Original cataloging agency SEKU
050 00 - LIBRARY OF CONGRESS CALL NUMBER
Classification number BJ 1012.02
Item number .O3
100 1# - MAIN ENTRY--PERSONAL NAME
Personal name Odhiambo F. Ochieng'-
245 10 - TITLE STATEMENT
Title Foundations of ethics :
Remainder of title a critical reader in moral and social philosophy /
Statement of responsibility, etc. F. Ochieng'-Odhiambo.
260 ## - PUBLICATION, DISTRIBUTION, ETC. (IMPRINT)
Place of publication, distribution, etc. Nairobi :
Name of publisher, distributor, etc. University of Nairobi Press,
Date of publication, distribution, etc. 2009.
300 ## - PHYSICAL DESCRIPTION
Extent 207 p.
504 ## - BIBLIOGRAPHY, ETC. NOTE
Bibliography, etc Includes bibl. refs.
650 #0 - SUBJECT ADDED ENTRY--TOPICAL TERM
Topical term following geographic name as entry element Ethics
942 ## - ADDED ENTRY ELEMENTS (KOHA)
Koha item type General circulation
Source of classification or shelving scheme Library of Congress Classification
Holdings
Withdrawn status Lost status Source of classification or shelving scheme Damaged status Not for loan Home library Current library Shelving location Date acquired Cost, normal purchase price Total Checkouts Full call number Barcode Date last seen Cost, replacement price Koha item type Source of acquisition Date last checked out Price effective from Total Renewals
    Library of Congress Classification     Kitui Town Campus Library Kitui Town Campus Library General Stacks 31/03/2015     BJ 1025 .O3 2024/027437 31/03/2015   General circulation     31/03/2015  
    Library of Congress Classification     Kitui Town Campus Library Kitui Town Campus Library General Stacks 31/03/2015     BJ 1025 .O3 2024/027436 31/03/2015   General circulation     31/03/2015  
    Library of Congress Classification     Main Campus Library Main Campus Library General Stacks 10/09/2014 800.00   BJ 1025 .O3 008060 13/05/2014 1300.00 General circulation        
    Library of Congress Classification     Main Campus Library Main Campus Library General Stacks 10/09/2014 800.00 1 BJ 1025 .O3 2019/021556 10/03/2020 1300.00 General circulation Purchase 25/02/2020    
    Library of Congress Classification     Main Campus Library Main Campus Library General Stacks 07/10/2014 800.00 2 BJ 1025 .O3 2019/021290 17/03/2020 1300.00 General circulation Purchase 10/03/2020 07/10/2014  
    Library of Congress Classification     Main Campus Library Main Campus Library General Stacks 03/12/2014 800.00 1 BJ 1025 .O3 2019/021292 05/12/2014 1300.00 General circulation Purchase 03/12/2014    
    Library of Congress Classification     SEHSS - Library SEHSS - Library General Stacks 10/09/2014 800.00 2 [EHS] BJ 1025 .O3 2019/021289 18/03/2016 1300.00 General circulation Purchase 13/03/2016 10/09/2014  
    Library of Congress Classification     SEHSS - Library SEHSS - Library General Stacks 17/09/2014 800.00 3 [EHS] BJ 1025 .O3 2019/021291 15/03/2019 1300.00 General circulation Purchase 12/03/2019    
    Library of Congress Classification     SEHSS - Library SEHSS - Library General Stacks 11/02/2016 800.00   [EHS] BJ 1025 .O3 2015/009671 11/02/2016 1000.00 General circulation purchase   11/02/2016  
    Library of Congress Classification     Wote Campus Library Wote Campus Library General Stacks 08/05/2015 800.00   {WTE} BJ 1025 .O3 2009 2024/027355 08/05/2015 1300.00 General circulation     08/05/2015  
Kitui, Kenya.
+254736116989
library@seku.ac.ke